[Event "50th Rilton Cup 2022-23"]
[Site "Stockholm SWE"]
[Date "2022.12.31"]
[Round "5.21"]
[White "Sardana, Rishi"]
[Black "Rakesh, Kumar Jena"]
[Result "0-1"]
[WhiteTitle "IM"]
[BlackTitle "IM"]
[WhiteElo "2460"]
[BlackElo "2303"]
[WhiteFideId "25004301"]
[BlackFideId "5084822"]
[EventDate "2022.12.27"]

1. e4 c5 2. c3 e5 3. Nf3 Nc6 4. Bc4 Be7 5. d4 cxd4 6. cxd4 exd4 7. Nxd4 Nf6 8.
Nc3 O-O 9. O-O Nxe4 10. Nxe4 d5 11. Nxc6 bxc6 12. Bd3 dxe4 13. Bxe4 Ba6 14. Be3
Bxf1 15. Qxf1 Qa5 16. Qc4 Rab8 17. Bd4 Rb4 18. Qc3 Rd8 19. Qh3 h6 20. Bc3 Qxa2
21. Re1 Rxe4 22. Rxe4 Rd1+ 23. Re1 Rxe1+ 24. Bxe1 Qb1 0-1

[Event "50th Rilton Cup 2022-23"]
[Site "Stockholm SWE"]
[Date "2022.12.31"]
[Round "5.22"]
[White "Milikow, Elie"]
[Black "Falkevall, Axel"]
[Result "1-0"]
[WhiteTitle "FM"]
[BlackTitle "FM"]
[WhiteElo "2427"]
[BlackElo "2287"]
[WhiteFideId "371281868"]
[BlackFideId "1735560"]
[EventDate "2022.12.27"]

1. e4 e5 2. Nf3 Nc6 3. Bb5 a6 4. Ba4 Nf6 5. O-O Be7 6. Bxc6 dxc6 7. Re1 Bg4 8.
b3 Nd7 9. Bb2 f6 10. d4 exd4 11. Bxd4 O-O 12. Nbd2 Bb4 13. c3 c5 14. cxb4 cxd4
15. h3 Bh5 16. g4 Bg6 17. Nxd4 Ne5 18. N2f3 Nxf3+ 19. Nxf3 Qe7 20. Qd5+ Kh8 21.
Qc5 Qf7 22. Rac1 c6 23. Rcd1 Rad8 24. Nd4 Rfe8 25. f3 h5 26. Ne2 Qc7 27. Kg2 Bf7
28. Ng3 Rxd1 29. Rxd1 Rd8 30. Qc1 hxg4 31. hxg4 Rd7 32. Nf5 Qd8 33. Rxd7 Qxd7
34. Qc5 Be6 35. Nd6 Kg8 36. Kg3 b6 37. Qd4 Kf8 38. e5 Ke7 39. Qxb6 fxe5 40. Ne4
Bd5 41. Nc5 Qd6 42. Qb7+ Ke8 43. Qxg7 a5 44. a3 axb4 45. axb4 e4+ 46. f4 e3 47.
Qh8+ Kf7 48. Qd4 Qe7 49. Nd3 e2 50. Ne5+ Kg8 51. Kf2 Qh7 52. Kxe2 Qc2+ 53. Ke1
Qxb3 54. f5 Qg3+ 55. Kd2 Qg2+ 56. Kc3 Qf1 57. Qe3 Qa1+ 58. Kc2 Qa2+ 59. Kc1 Qa1+
60. Kd2 Qb2+ 61. Kd1 Qa1+ 62. Ke2 Qb2+ 63. Kf1 Qa1+ 64. Kf2 Kh7 65. Ng6 Qb2+ 66.
Qe2 Qd4+ 67. Kg3 Qg1+ 68. Kf4 Qc1+ 69. Qe3 Qf1+ 70. Kg5 Bf7 71. Kf6 Kg8 72. Ne7+
Kf8 73. Qh6+ Ke8 74. Qh8+ Kd7 75. Qc8+ Kd6 76. Qxc6# 1-0

[Event "50th Rilton Cup 2022-23"]
[Site "Stockholm SWE"]
[Date "2022.12.31"]
[Round "5.23"]
[White "Lindberg, Bengt"]
[Black "Richter, Nils"]
[Result "1/2-1/2"]
[WhiteTitle "IM"]
[BlackTitle "FM"]
[WhiteElo "2349"]
[BlackElo "2416"]
[WhiteFideId "1700359"]
[BlackFideId "12990809"]
[EventDate "2022.12.27"]

1. e4 c5 2. Nf3 e6 3. d4 cxd4 4. Nxd4 Nc6 5. Nc3 Qc7 6. Be3 a6 7. g4 b5 8. Nxc6
Qxc6 9. Qd2 Bb7 10. O-O-O Nf6 11. f3 b4 12. Ne2 d5 13. g5 Nd7 14. exd5 Qxd5 15.
Qxd5 Bxd5 16. Bg2 Rc8 17. b3 Bc5 18. Bxc5 Rxc5 19. Nf4 Bc6 20. h4 Ke7 21. Nd3
Rb5 22. Rhg1 h6 23. f4 Bxg2 24. Rxg2 hxg5 25. hxg5 a5 26. Re2 Nb6 27. Ne5 Rc8
28. f5 Nd5 29. Rdd2 Rc7 30. Re1 exf5 31. Nc6+ Kf8 32. Rh2 g6 33. Rh8+ Kg7 34.
Reh1 Nf6 35. gxf6+ Kxf6 36. Nd4 Rd5 37. Nf3 Rc3 38. Nd2 Rdc5 39. Nc4 f4 40. Rd8
g5 41. Kd2 g4 42. Rd6+ 1/2-1/2

[Event "50th Rilton Cup 2022-23"]
[Site "Stockholm SWE"]
[Date "2022.12.31"]
[Round "5.24"]
[White "Sarkar, Justin"]
[Black "Moksh, Amit Doshi"]
[Result "0-1"]
[WhiteTitle "IM"]
[BlackTitle "IM"]
[WhiteElo "2343"]
[BlackElo "2414"]
[WhiteFideId "2010011"]
[BlackFideId "25064967"]
[EventDate "2022.12.27"]

1. e4 c5 2. Nf3 d6 3. Bb5+ Nd7 4. Ba4 Nf6 5. O-O a6 6. c4 g6 7. Nc3 Bg7 8. d4
cxd4 9. Nxd4 O-O 10. Bc2 Qc7 11. Qe2 Ne5 12. b3 b5 13. Nd5 Nxd5 14. cxd5 Nc6 15.
Nxc6 Bxa1 16. Bh6 Bg7 17. Bxg7 Kxg7 18. Bd3 Bb7 19. Qb2+ Kg8 20. Rc1 Rac8 21. a4
Bxc6 22. axb5 axb5 23. Rxc6 Qa5 24. b4 Qa4 0-1

[Event "50th Rilton Cup 2022-23"]
[Site "Stockholm SWE"]
[Date "2022.12.31"]
[Round "5.25"]
[White "Adithya A Chullikkad"]
[Black "Bai, Adelard"]
[Result "1/2-1/2"]
[WhiteTitle "CM"]
[BlackTitle "FM"]
[WhiteElo "2206"]
[BlackElo "2411"]
[WhiteFideId "45078734"]
[BlackFideId "16301188"]
[EventDate "2022.12.27"]

1. e4 e5 2. Nf3 Nc6 3. d4 exd4 4. Bc4 Nf6 5. e5 d5 6. Bb5 Ne4 7. Nxd4 Bd7 8.
Bxc6 bxc6 9. O-O Bc5 10. f3 Ng5 11. f4 Ne4 12. Be3 Qb8 13. b3 O-O 14. Qd3 Rd8
15. c3 Bxd4 16. Qxd4 Bf5 17. b4 c5 18. bxc5 Qb2 19. Nd2 Qxc3 20. Nb3 Rab8 21.
Rfc1 Qb4 22. Qxb4 1/2-1/2

[Event "50th Rilton Cup 2022-23"]
[Site "Stockholm SWE"]
[Date "2022.12.31"]
[Round "5.27"]
[White "Lahdelma, Henri"]
[Black "Willow, Jonah B"]
[Result "0-1"]
[WhiteTitle "FM"]
[BlackTitle "IM"]
[WhiteElo "2332"]
[BlackElo "2409"]
[WhiteFideId "510394"]
[BlackFideId "438804"]
[EventDate "2022.12.27"]

1. e4 c5 2. Nf3 e6 3. c3 d5 4. exd5 Qxd5 5. d4 Nf6 6. Na3 Nc6 7. Nb5 Qd8 8. dxc5
Bxc5 9. Qxd8+ Kxd8 10. Bf4 Ne4 11. Be3 Bxe3 12. fxe3 Ke7 13. Bd3 Nd6 14. Nxd6
Kxd6 15. O-O-O Ke7 16. Be4 Bd7 17. Rd2 Rhd8 18. Rhd1 Rac8 19. b3 Be8 20. Kb2
Rxd2+ 21. Rxd2 Nd8 22. c4 f5 23. Bc2 Nf7 24. h4 h6 25. Nd4 Nd6 26. Re2 Bh5 27.
Re1 Nf7 28. Kc3 Ne5 29. Bd1 Bxd1 30. Rxd1 Ng4 31. Kd2 Nf2 32. Rc1 g5 33. hxg5
hxg5 34. Ke2 Ne4 35. Nb5 Rh8 36. Nc3 Nf6 37. Rd1 Rh2 38. Kf3 Nh5 39. Ne2 e5 40.
Rd5 Ke6 41. Rb5 Rh1 42. Ng3 e4+ 43. Kf2 Nxg3 44. Kxg3 Rf1 45. Rxb7 f4+ 46. exf4
e3 47. f5+ Kf6 48. Rxa7 e2 49. Kg4 Rf4+ 0-1

[Event "50th Rilton Cup 2022-23"]
[Site "Stockholm SWE"]
[Date "2022.12.31"]
[Round "5.28"]
[White "Thorn, Eric"]
[Black "Dobrikov, Marco"]
[Result "1-0"]
[WhiteTitle "FM"]
[BlackTitle "FM"]
[WhiteElo "2397"]
[BlackElo "2228"]
[WhiteFideId "1710729"]
[BlackFideId "12950378"]
[EventDate "2022.12.27"]

1. d4 Nf6 2. c4 g6 3. Nc3 Bg7 4. e4 d6 5. Be2 O-O 6. Nf3 e5 7. O-O Nc6 8. d5 Ne7
9. b4 a5 10. bxa5 Rxa5 11. a4 Nh5 12. Nd2 Nf4 13. Nb3 Ra8 14. c5 f5 15. f3 fxe4
16. fxe4 Nxe2+ 17. Qxe2 Rxf1+ 18. Qxf1 dxc5 19. Qc4 Kh8 20. Qxc5 b6 21. Qf2 Ba6
22. Bg5 h6 23. Qh4 Bf8 24. Bf6+ Kh7 25. Bxe5 Bg7 26. Bxg7 Kxg7 27. Nd4 Qd6 28.
Ne6+ Kh7 29. e5 Qd7 30. Ng5+ Kg7 31. e6 Qd6 32. Qd4+ Kg8 33. Nce4 Nf5 34. Qf6 1-0

[Event "50th Rilton Cup 2022-23"]
[Site "Stockholm SWE"]
[Date "2022.12.31"]
[Round "5.29"]
[White "Dubkov, Andrej"]
[Black "Blomqvist, Erik"]
[Result "0-1"]
[WhiteTitle "FM"]
[BlackTitle "GM"]
[WhiteElo "2330"]
[BlackElo "2544"]
[WhiteFideId "4686411"]
[BlackFideId "1709437"]
[EventDate "2022.12.27"]

1. d4 d5 2. c4 dxc4 3. e3 Nf6 4. Bxc4 e6 5. Nf3 c5 6. O-O a6 7. Be2 cxd4 8. Nxd4
Be7 9. b3 O-O 10. Nd2 b5 11. a4 bxa4 12. Nc4 Nd5 13. Bb2 Bb7 14. Rxa4 Nb6 15.
Nxb6 Qxb6 16. Bf3 Rc8 17. Bxb7 Qxb7 18. Nxe6 fxe6 19. Qg4 Bf8 20. Qxe6+ Kh8 21.
Rh4 Nd7 22. Qh6 Nf6 23. Bxf6 gxf6 24. Qxf6+ Bg7 25. Qf5 Bb2 26. b4 Rc7 27. g3
Rac8 28. Re4 Qb5 29. Qg4 Qd5 30. Qf3 Rd7 31. Rb1 0-1

[Event "50th Rilton Cup 2022-23"]
[Site "Stockholm SWE"]
[Date "2022.12.31"]
[Round "5.30"]
[White "Tanmay, Chopra"]
[Black "Khenkin, Igor"]
[Result "0-1"]
[WhiteTitle "FM"]
[BlackTitle "GM"]
[WhiteElo "2329"]
[BlackElo "2508"]
[WhiteFideId "25630946"]
[BlackFideId "4659600"]
[EventDate "2022.12.27"]

1. d4 d5 2. c4 c6 3. Nf3 dxc4 4. g3 e6 5. Bg2 Nf6 6. O-O b5 7. Ne5 Bb7 8. Nc3 a6
9. b3 cxb3 10. axb3 Be7 11. Bd2 O-O 12. Qc2 Nd5 13. Ne4 Nb4 14. Qc3 Nd5 15. Qc1
f6 16. Nd3 Nd7 17. Nec5 Nxc5 18. Nxc5 Bxc5 19. Qxc5 f5 20. e4 fxe4 21. Bxe4 Rf7
22. Rae1 a5 23. Qc2 Nf6 24. Bg2 Qd6 25. Re5 a4 26. Rfe1 Re7 27. bxa4 bxa4 28.
Bh3 a3 29. Bxe6+ Kf8 0-1

[Event "50th Rilton Cup 2022-23"]
[Site "Stockholm SWE"]
[Date "2022.12.31"]
[Round "5.31"]
[White "Bellon Lopez, Juan Manuel"]
[Black "Aditya, Mittal"]
[Result "1/2-1/2"]
[WhiteTitle "GM"]
[BlackTitle "IM"]
[WhiteElo "2314"]
[BlackElo "2479"]
[WhiteFideId "2200031"]
[BlackFideId "35042025"]
[EventDate "2022.12.27"]

1. d4 Nf6 2. Bg5 d5 3. Bxf6 gxf6 4. e3 c5 5. Nc3 cxd4 6. exd4 Bf5 7. Bd3 Bxd3 8.
Qxd3 Nc6 9. O-O-O e6 10. f4 f5 11. Nf3 Qc7 12. g3 O-O-O 13. Kb1 Kb8 14. Ne5 a6
15. Nxc6+ Qxc6 16. Ne2 Bd6 17. Ng1 Rc8 18. Nf3 Rc7 19. Rhe1 Rhc8 20. Re2 Qb6 21.
Qb3 Qa5 22. Ne5 f6 23. Nd3 Rc6 24. Nc1 Bb4 25. Qe3 Qb6 26. Rd3 a5 27. a3 Bc3 28.
b3 a4 29. Na2 Ba5 30. b4 Qb5 31. Nc3 Rxc3 32. Rxc3 Rxc3 33. Qxc3 Qxe2 34. bxa5
Qxh2 35. Qb4 Qxg3 36. Qd6+ Ka8 37. Qd8+ Ka7 38. Qb6+ Ka8 39. Qd8+ Ka7 40. Qb6+
Ka8 1/2-1/2

[Event "50th Rilton Cup 2022-23"]
[Site "Stockholm SWE"]
[Date "2022.12.31"]
[Round "5.32"]
[White "Kononenko, Dmitry2"]
[Black "Zumsande, Martin"]
[Result "1/2-1/2"]
[WhiteTitle "FM"]
[BlackTitle "IM"]
[WhiteElo "2301"]
[BlackElo "2465"]
[WhiteFideId "14113538"]
[BlackFideId "4651324"]
[EventDate "2022.12.27"]

1. Nf3 d5 2. g3 Nf6 3. Bg2 e6 4. c4 dxc4 5. Qa4+ c6 6. Qxc4 b5 7. Qc2 Bb7 8. O-O
c5 9. a4 b4 10. d3 Be7 11. Nbd2 O-O 12. Nc4 Nc6 13. Nce5 Nxe5 14. Nxe5 Bxg2 15.
Kxg2 Qd5+ 16. Nf3 b3 17. Qc4 Rab8 18. Qxd5 Nxd5 19. Ne5 Rfc8 20. Nc4 f6 21. Ra3
Nb6 22. Rxb3 Nxc4 23. Rxb8 Rxb8 24. dxc4 Rb4 25. Rd1 Rxc4 26. Rd7 Kf8 27. Be3
Rxa4 28. Rc7 Ra5 29. Rb7 a6 30. Rb6 Kf7 31. Kf3 Rb5 32. Rxa6 Rxb2 33. Rc6 Rc2
34. g4 Rc4 35. h3 h5 36. gxh5 Rh4 37. h6 gxh6 38. Kg3 Rh5 39. Bf4 Bf8 40. e4 c4
41. Rxc4 Rb5 42. Rc7+ Kg6 43. Rc6 e5 44. Be3 h5 45. Kf3 Rb3 46. Kg2 Rb4 1/2-1/2

[Event "50th Rilton Cup 2022-23"]
[Site "Stockholm SWE"]
[Date "2022.12.31"]
[Round "5.33"]
[White "Miezis, Normunds"]
[Black "Kalogridis, Antonios"]
[Result "0-1"]
[WhiteTitle "GM"]
[BlackTitle "FM"]
[WhiteElo "2441"]
[BlackElo "2293"]
[WhiteFideId "11600136"]
[BlackFideId "25833901"]
[EventDate "2022.12.27"]

1. c4 Nf6 2. Nc3 c5 3. Nf3 d5 4. cxd5 Nxd5 5. e3 e6 6. d4 cxd4 7. exd4 Nxc3 8.
bxc3 Qc7 9. Bd2 Nd7 10. Bd3 b6 11. O-O Bb7 12. Re1 Be7 13. Re3 O-O 14. Qb3 Bd6
15. Ng5 Bxh2+ 16. Kf1 h6 17. Rh3 Bf4 18. Qc2 Nf6 19. Bh7+ Kh8 20. Bd3 Rac8 21.
Re1 Bd5 22. Ne4 Nxe4 23. Bxe4 Bc4+ 24. Bd3 Rfd8 25. Kg1 Bxd2 26. Qxd2 Bxd3 27.
Qxd3 Rd5 28. Re4 Rg5 29. Qe3 Kg8 30. Reh4 Kf8 31. Rf3 Qc4 32. Qf4 Rf5 33. Qd6+
Kg8 34. Rxf5 exf5 35. Rh3 Qxa2 36. Qd7 Qe6 37. Qxa7 Qe1+ 38. Kh2 Qxf2 39. Rf3
Qh4+ 40. Kg1 Rxc3 41. Rxc3 Qxd4+ 42. Kh1 Qxc3 43. Qb8+ Kh7 44. Qxb6 Qe1+ 45. Kh2
Qe6 46. Qd4 h5 47. Qd1 g6 48. Qd8 Qe5+ 49. Kh1 f4 50. Qa8 h4 51. Qb7 Kg7 52. Qb4
g5 53. Qb1 Qe6 54. Qa1+ Kh7 55. Qb1+ Qg6 56. Qc1 Qf5 57. Qc3 g4 58. Qe1 Kg6 59.
Kg1 Kg5 60. Qe7+ Qf6 61. Qc5+ Kg6 62. Qc2+ Kg7 63. Qe4 Qg5 64. Qd4+ Kg6 65. Qe4+
Qf5 66. Qc6+ Kg5 67. Qb6 Qd5 68. Qb1 h3 69. gxh3 gxh3 70. Qf1 Qg2+ 71. Qxg2+
hxg2 72. Kxg2 Kg4 73. Kf2 f3 74. Kg1 Kg3 75. Kh1 Kf2 0-1

[Event "50th Rilton Cup 2022-23"]
[Site "Stockholm SWE"]
[Date "2022.12.31"]
[Round "5.34"]
[White "Wiedenkeller, Michael"]
[Black "Cederstam, Carl"]
[Result "1-0"]
[WhiteTitle "IM"]
[BlackTitle "FM"]
[WhiteElo "2435"]
[BlackElo "2276"]
[WhiteFideId "1700146"]
[BlackFideId "1713329"]
[EventDate "2022.12.27"]

1. d4 d5 2. c4 e6 3. Nf3 Nf6 4. g3 dxc4 5. Bg2 c5 6. O-O Nc6 7. Qa4 Bd7 8. Qxc4
b5 9. Qd3 c4 10. Qc2 Rc8 11. e4 Qb6 12. Rd1 e5 13. dxe5 Ng4 14. Rxd7 Kxd7 15.
Bh3 h5 16. Be3 Bc5 17. Qd2+ Ke8 18. Bxc5 Qxc5 19. Nc3 Ncxe5 20. Bxg4 hxg4 21.
Nxe5 Qxe5 22. Rd1 Qe6 23. Nxb5 Kf8 24. Nxa7 Re8 25. Nb5 Qxe4 26. Nd6 Qh7 27. h4
gxh3 28. Qd5 Qh5 29. Nxe8 Qxd5 30. Rxd5 Kxe8 31. Rc5 Ke7 32. Rxc4 g5 33. a4 Rd8
34. a5 f5 35. g4 fxg4 36. Rxg4 Rd1+ 37. Kh2 Rd2 38. Rb4 g4 39. Kg3 h2 40. Kxh2
Rxf2+ 41. Kg3 Rf5 42. Rb7+ Kd6 43. b4 Kc6 44. a6 Rf1 45. b5+ Kc5 46. a7 Rg1+ 47.
Kf4 Rf1+ 48. Kxg4 Rg1+ 49. Kf3 Rf1+ 50. Kg2 Ra1 51. b6 Ra2+ 52. Kg3 Ra3+ 53. Kg4
Ra5 54. Rb8 1-0

[Event "50th Rilton Cup 2022-23"]
[Site "Stockholm SWE"]
[Date "2022.12.31"]
[Round "5.35"]
[White "Shaik, Sumer Arsh"]
[Black "Oratovsky, Michael"]
[Result "0-1"]
[WhiteTitle "CM"]
[BlackTitle "GM"]
[WhiteElo "2290"]
[BlackElo "2422"]
[WhiteFideId "45020000"]
[BlackFideId "2802090"]
[EventDate "2022.12.27"]

1. Nf3 d6 2. d4 Nf6 3. g3 g6 4. Bg2 Bg7 5. O-O O-O 6. c4 c6 7. Nc3 Bf5 8. Ne1 e5
9. d5 cxd5 10. cxd5 a5 11. e4 Bd7 12. a4 Na6 13. Nc2 Rc8 14. Na3 Ne8 15. Bd2 f5
16. b3 Nc5 17. Nc4 b6 18. Be3 f4 19. Bxc5 Rxc5 20. Rc1 h5 21. Rc2 Bh6 22. f3
fxg3 23. hxg3 h4 24. g4 Bf4 25. Ne2 Bg5 26. Qd3 Kg7 27. Na3 Rxc2 28. Nxc2 b5 29.
Bh3 Qb6+ 30. Kg2 bxa4 31. bxa4 Bxa4 32. Na3 Nf6 33. Rb1 Qc5 34. Nc3 Qxa3 35. Qc4
Bd7 36. Rb7 Rf7 37. Ne2 Qe3 38. Rb3 Qa7 39. Nc3 Be8 40. Nb5 Bxb5 41. Qxb5 Rc7 0-1

[Event "50th Rilton Cup 2022-23"]
[Site "Stockholm SWE"]
[Date "2022.12.31"]
[Round "5.36"]
[White "Akesson, Ralf"]
[Black "Vagman, Roy"]
[Result "1/2-1/2"]
[WhiteTitle "GM"]
[BlackTitle "FM"]
[WhiteElo "2404"]
[BlackElo "2255"]
[WhiteFideId "1700120"]
[BlackFideId "2828995"]
[EventDate "2022.12.27"]

1. d4 d5 2. c4 e6 3. Nf3 Nf6 4. g3 dxc4 5. Bg2 a6 6. O-O Nc6 7. e3 Rb8 8. Nfd2
e5 9. Bxc6+ bxc6 10. dxe5 Ng4 11. Nxc4 Be6 12. Qe2 Qd5 13. b3 Nxe5 14. Nxe5 Qxe5
15. Bb2 Qb5 16. Nc3 Qb7 17. e4 Be7 18. Nd1 O-O 19. Ne3 Rfe8 20. Bc3 Bc5 21. Rfe1
Qb5 22. Qf3 Bxe3 23. Rxe3 a5 24. Qf4 Rbc8 25. Rc1 Qh5 26. g4 Qg6 27. Rg3 Bd7 28.
Re1 Qd6 29. Qg5 Qg6 30. Qd2 Rcd8 31. Qe3 a4 32. bxa4 c5 33. a5 Bc6 34. f3 c4 35.
Qc5 Qe6 36. Qg5 f6 37. Qf5 Rd3 38. Qxe6+ Rxe6 39. Rc1 Red6 40. Kf2 Rd1 41. Rg1
Rxg1 42. Rxg1 Rd3 43. Rc1 Bb5 44. Be1 Ra3 45. Rc2 Kf7 46. Bb4 Rd3 47. Rb2 Ba6
48. Rc2 Ke6 49. Bc3 g6 50. Be1 Ke5 51. Bc3+ Kf4 52. Bd2+ Ke5 53. Bc3+ Ke6 54.
Be1 h5 55. gxh5 gxh5 56. Rc3 Rd1 57. Rc2 Rb1 58. Bc3 Rd1 1/2-1/2

[Event "50th Rilton Cup 2022-23"]
[Site "Stockholm SWE"]
[Date "2022.12.31"]
[Round "5.38"]
[White "Lopez Mulet, Inigo"]
[Black "Acikel, Mert"]
[Result "1-0"]
[WhiteTitle "IM"]
[BlackTitle "FM"]
[WhiteElo "2389"]
[BlackElo "2234"]
[WhiteFideId "22235620"]
[BlackFideId "12956465"]
[EventDate "2022.12.27"]

1. d4 d5 2. c4 e6 3. Nf3 Nf6 4. g3 Be7 5. Bg2 O-O 6. Qc2 dxc4 7. Qxc4 Nc6 8. O-O
a6 9. a3 Qd5 10. Nbd2 Rd8 11. e3 Na5 12. Qxc7 Bd7 13. Ne5 Qb5 14. b4 Nc6 15.
Nxc6 bxc6 16. Nb3 Nd5 17. Qe5 Bf6 18. Qe4 e5 19. dxe5 Nc3 20. Qc2 Qc4 21. Kh1
Bxe5 22. Bb2 Bf5 23. Qxf5 Qxb3 24. Qxe5 Qxb2 25. Rac1 1-0

[Event "50th Rilton Cup 2022-23"]
[Site "Stockholm SWE"]
[Date "2022.12.31"]
[Round "5.39"]
[White "Mertanen, Janne"]
[Black "Trost, Edvin"]
[Result "1/2-1/2"]
[WhiteTitle "FM"]
[BlackTitle "FM"]
[WhiteElo "2269"]
[BlackElo "2380"]
[WhiteFideId "501875"]
[BlackFideId "1729519"]
[EventDate "2022.12.27"]

1. d4 Nf6 2. Bg5 d5 3. Bxf6 exf6 4. e3 c6 5. g3 Bd6 6. Bg2 Nd7 7. Ne2 f5 8. Nd2
Nf6 9. c4 dxc4 10. Nxc4 Bc7 11. Nc3 Be6 12. Qe2 Qe7 13. a3 a5 14. O-O O-O 15.
Rfc1 Rfd8 16. Rab1 a4 17. Ne5 Bxe5 18. dxe5 Ng4 19. f4 Qc5 20. Nd1 Qa7 21. h3
Rxd1+ 22. Rxd1 Nxe3 23. Qf2 Nxd1 24. Qxa7 Rxa7 25. Rxd1 Kf8 26. Rd4 Ke7 27. Bf3
Ra6 28. Kf2 Ke8 29. Rb4 Bc8 30. Rc4 Kd8 31. Bd1 b5 32. Rd4+ Kc7 33. Rd6 c5 34.
Rxa6 Bxa6 35. Ke3 Kb6 36. g4 Bc8 37. gxf5 Bxf5 38. h4 f6 39. Bf3 fxe5 40. fxe5
Be6 41. Be4 h6 42. Kf4 Kc7 43. Bc2 Kc6 44. Be4+ Bd5 45. Bb1 Be6 46. Be4+ Kc7 47.
Bc2 Kd8 48. Be4 Ke7 49. Bc6 Bc4 50. h5 Ke6 51. Be8 Ke7 52. Bc6 Be2 53. Kf5 Bxh5
54. Bxb5 Be8 55. Bc4 g6+ 56. Kf4 Bf7 57. Bd3 g5+ 58. Kf5 Bg8 59. Bb5 Be6+ 60.
Ke4 Bd7 61. Be2 Be6 62. Bb5 Bb3 63. Be2 Bf7 64. Bd1 Bg6+ 65. Kd5 h5 66. Bxa4 g4
67. Bc6 g3 68. Kxc5 h4 69. Kd4 Ke6 70. a4 h3 71. Ke3 Kxe5 72. Kf3 Kd6 73. Kxg3
Kxc6 1/2-1/2

[Event "50th Rilton Cup 2022-23"]
[Site "Stockholm SWE"]
[Date "2022.12.31"]
[Round "5.40"]
[White "Sawatzki, Frank"]
[Black "Persson, Sebastian 2007"]
[Result "1-0"]
[WhiteTitle "FM"]
[WhiteElo "2369"]
[BlackElo "1727"]
[WhiteFideId "4613600"]
[BlackFideId "1764187"]
[EventDate "2022.12.27"]

1. e4 c6 2. Nf3 d5 3. d3 Bg4 4. h3 Bh5 5. Nbd2 e6 6. Be2 Nf6 7. O-O Be7 8. c3
O-O 9. Re1 Re8 10. Qc2 Bg6 11. Ne5 Nbd7 12. Nxg6 hxg6 13. Bf1 dxe4 14. dxe4 e5
15. a4 a5 16. Bc4 Qb6 17. Nf3 Bc5 18. g3 Nh7 19. Kg2 Ndf6 20. Re2 Rad8 21. Bd2
Nh5 22. Rf1 Rd7 23. Bc1 Kh8 24. Rd2 Rxd2 25. Bxd2 Qc7 26. Bc1 Re7 27. Qe2 Rd7
28. Ba2 Qd6 29. Bb3 Qe7 30. Bxf7 Qxf7 31. Nxe5 Qe6 32. Nxd7 Qxd7 33. e5 Qf7 34.
f4 Qe7 35. Qf3 Qe6 36. g4 N7f6 37. Rd1 Qb3 38. Rd8+ Kh7 39. Qd3 Qxa4 40. gxh5
Nxh5 41. f5 Nf4+ 42. Bxf4 Qxf4 43. fxg6+ Kh6 44. Rh8+ Kg5 45. h4+ 1-0

[Event "50th Rilton Cup 2022-23"]
[Site "Stockholm SWE"]
[Date "2022.12.31"]
[Round "5.41"]
[White "Ruiz Buendia, Miguel"]
[Black "Park, Evan"]
[Result "0-1"]
[WhiteTitle "FM"]
[BlackTitle "IM"]
[WhiteElo "2257"]
[BlackElo "2362"]
[WhiteFideId "24537675"]
[BlackFideId "30931142"]
[EventDate "2022.12.27"]

1. e4 e5 2. Nf3 Nc6 3. Bc4 Nf6 4. d3 h6 5. c3 d6 6. a4 g5 7. Qb3 Qd7 8. a5 Bg7
9. Nbd2 O-O 10. Nf1 Ne7 11. h3 c6 12. Qc2 d5 13. Bb3 Nh5 14. g4 Nf4 15. Ng3 Qd6
16. Nf5 Bxf5 17. gxf5 Rad8 0-1

[Event "50th Rilton Cup 2022-23"]
[Site "Stockholm SWE"]
[Date "2022.12.31"]
[Round "5.42"]
[White "Muetsch, Annmarie"]
[Black "Koykka, Pekka"]
[Result "1/2-1/2"]
[WhiteTitle "WIM"]
[BlackTitle "IM"]
[WhiteElo "2251"]
[BlackElo "2351"]
[WhiteFideId "12971367"]
[BlackFideId "504319"]
[EventDate "2022.12.27"]

1. d4 Nf6 2. Bg5 e6 3. e4 h6 4. Bxf6 Qxf6 5. c3 c5 6. Nf3 cxd4 7. cxd4 Bb4+ 8.
Nc3 O-O 9. e5 Qe7 10. Bd3 d6 11. O-O dxe5 12. dxe5 Bxc3 13. bxc3 Nd7 14. Rc1 Rd8
15. Re1 Nc5 16. Nd4 Nxd3 17. Qxd3 Bd7 18. Qe4 Be8 19. Re3 Rac8 20. Rce1 b5 21.
Rg3 Rc4 22. Qg4 Qg5 23. Qf3 Qe7 24. Qg4 g6 25. Qf4 Kg7 26. h4 h5 27. Ree3 Rdc8
28. Rg5 Rxc3 29. Rxh5 gxh5 30. Qg3+ Kh7 31. Rxc3 Rxc3 32. Qxc3 Qxh4 33. Nf3 Qc4
34. Qa3 Bc6 35. Ng5+ Kg6 36. Nh3 Qg4 37. Qd3+ Be4 38. Qf1 Bd5 39. Qd3+ Kg7 40.
f3 Qg6 41. Qxb5 Bxf3 42. Qf1 Be4 43. Qf2 Kg8 44. Qd2 Bd5 45. Qf2 Qg4 46. a3 a5
47. Kh2 Be4 48. Qg3 Bf5 49. Nf4 Kh7 50. Qxg4 Bxg4 51. Kg3 Kh6 52. Kh4 Bd1 53. g3
Bg4 54. Ng2 Kg6 55. Ne3 Be2 56. Kh3 Kg5 57. Kg2 a4 58. Kf2 Bb5 59. Nc2 Bd3 60.
Ne3 h4 61. gxh4+ Kf4 62. h5 Kxe5 63. h6 Bh7 64. Ke2 Kf6 65. Kd2 Kg5 66. Nc4 Kxh6
67. Nb2 Kg5 68. Nxa4 Kf4 69. Nc5 Be4 70. a4 Ke5 71. a5 Bc6 72. Ke3 Kd5 73. Nd3
e5 74. Nb4+ Kc5 75. Nd3+ Kd6 76. Ke2 Bd5 77. Ke3 e4 78. Nb4 Ke5 79. a6 Ba8 80.
a7 f5 81. Na6 Kd6 82. Kd4 f4 83. Nc5 e3 84. Nd3 e2 85. Kc3 Kc7 86. Kd2 f3 87.
Nf4 Kb6 88. Nxe2 fxe2 89. Kxe2 Kxa7 1/2-1/2

[Event "50th Rilton Cup 2022-23"]
[Site "Stockholm SWE"]
[Date "2022.12.31"]
[Round "5.43"]
[White "Priyanka, K"]
[Black "Kupervaser, Erez"]
[Result "1-0"]
[WhiteTitle "WIM"]
[BlackTitle "FM"]
[WhiteElo "2146"]
[BlackElo "2331"]
[WhiteFideId "5082986"]
[BlackFideId "2814587"]
[EventDate "2022.12.27"]

1. e4 c5 2. Nf3 Nc6 3. d4 cxd4 4. Nxd4 Nf6 5. Nc3 e5 6. Ndb5 d6 7. Nd5 Nxd5 8.
exd5 Ne7 9. c4 Ng6 10. Qa4 Bd7 11. Qb4 Qb8 12. h4 h5 13. Bg5 a6 14. Nc3 f6 15.
Bd3 Kf7 16. Be3 Be7 17. Ne4 Rc8 18. Qb3 Nf4 19. Bxf4 exf4 20. Be2 Bg4 21. f3 Bd7
22. Qb6 Kg8 23. b4 f5 24. Ng5 Bf6 25. Rc1 Re8 26. Kd2 a5 27. b5 Bb2 28. Rc2 Ba3
29. c5 Bb4+ 30. Kd1 Re5 31. Qxd6 Qxd6 32. cxd6 Rxd5+ 33. Kc1 Bxb5 34. d7 Rd8 35.
Rc8 Rxd7 36. Rxd8+ Rxd8 37. Bxb5 Rc8+ 38. Kb2 Bc3+ 39. Kb3 Bf6 40. Bc4+ Kh8 41.
Re1 g6 42. Re6 Kg7 43. Rb6 a4+ 44. Kb4 Be7+ 45. Kc3 Bf6+ 46. Kd3 Rd8+ 47. Kc2
Rd7 48. Ne6+ Kh6 49. Nf8 Rc7 50. Rxf6 Rxc4+ 51. Kd3 Rc6 52. Rf7 1-0

[Event "50th Rilton Cup 2022-23"]
[Site "Stockholm SWE"]
[Date "2022.12.31"]
[Round "5.44"]
[White "Krasenkow, Michal"]
[Black "Shailesh, Dravid"]
[Result "1-0"]
[WhiteTitle "GM"]
[BlackTitle "FM"]
[WhiteElo "2541"]
[BlackElo "2286"]
[WhiteFideId "1113100"]
[BlackFideId "25017969"]
[EventDate "2022.12.27"]

1. d4 Nf6 2. c4 g6 3. Nc3 Bg7 4. e4 d6 5. Nf3 O-O 6. Be2 Na6 7. O-O e5 8. Re1 c6
9. Bf1 Bg4 10. d5 Nc5 11. b4 Ncxe4 12. Nxe4 cxd5 13. cxd5 Nxe4 14. Rxe4 Bxf3 15.
gxf3 f5 16. Rc4 e4 17. Rb1 Qh4 18. Bb2 Rf7 19. Bxg7 Kxg7 20. Qd4+ Kh6 21. fxe4
f4 22. f3 g5 23. Qf2 Qh5 24. Qg2 1-0